ბათუმის შოთა რუსთაველის სახელმწიფო უნივერსიტეტის ბიბლიოთეკა

Теоретические основы теплотехники:техническая термодинамика и теория теплопередпчи. (ბიბ.ჩანაწერი № 42588)

000 -LEADER
fixed length control field 00779nam a2200229Ia 4500
001 - CONTROL NUMBER
control field 9291
003 - CONTROL NUMBER IDENTIFIER
control field GE_BSU
008 - FIXED-LENGTH DATA ELEMENTS--GENERAL INFORMATION
fixed length control field 181216s||||||||xx |||||||||||||| ||und||
040 ## - CATALOGING SOURCE
Transcribing agency GE_BSU
080 ## - UNIVERSAL DECIMAL CLASSIFICATION NUMBER
Universal Decimal Classification number 621.1.016(075.8)
100 ## - MAIN ENTRY--PERSONAL NAME
Personal name Литвин,А.М.
245 ## - TITLE STATEMENT
Title Теоретические основы теплотехники:техническая термодинамика и теория теплопередпчи.
245 ## - TITLE STATEMENT
Statement of responsibility, etc. Ред. С.Л.Ривкин.
250 ## - EDITION STATEMENT
Edition statement Изд. 6-е, переработанное и дополненное.
260 ## - PUBLICATION, DISTRIBUTION, ETC.
Place of publication, distribution, etc. М.
260 ## - PUBLICATION, DISTRIBUTION, ETC.
Name of publisher, distributor, etc. Энергия.
260 ## - PUBLICATION, DISTRIBUTION, ETC.
Date of publication, distribution, etc. 1969.
300 ## - PHYSICAL DESCRIPTION
Extent 328 стр. 22 см.
300 ## - PHYSICAL DESCRIPTION
Accompanying material табл.
653 ## - INDEX TERM--UNCONTROLLED
Uncontrolled term Теоретические основы теплотехники.
942 ## - ADDED ENTRY ELEMENTS (KOHA)
Koha item type წიგნი
ეგზემპლარები
Withdrawn status Lost status Damaged status Not for loan Date acquired Barcode Date last seen Price effective from Koha item type
        2018-12-17 10688 2018-12-17 2018-12-17 წიგნი